Central Library OPAC University of Rajshahi

American federalism : (Record no. 7812)

MARC details
000 -LEADER
fixed length control field 00863cam a22002771 4500
001 - CONTROL NUMBER
control field 7812
003 - CONTROL NUMBER IDENTIFIER
rucl marc code BD-RjUL
005 - DATE AND TIME OF LATEST TRANSACTION
control field 20211208234459.0
008 - FIXED-LENGTH DATA ELEMENTS--GENERAL INFORMATION
fixed length control field 140115s1966 nyuab 001 0 eng d
035 ## - SYSTEM CONTROL NUMBER
System control number (OCoLC)ocm00498687
System control number (BD-RjUL)7856
040 ## - CATALOGING SOURCE
Original cataloging agency DLC
Transcribing agency DLC
Modifying agency ZCU
Language of cataloging eng
041 ## - LANGUAGE CODE
Language code of text/sound track or separate title eng
082 ## - DEWEY DECIMAL CLASSIFICATION NUMBER
Classification number 321.020973
Author mark and year ELA 1966
100 1# - MAIN ENTRY--PERSONAL NAME
Personal name Elazar, Daniel Judah.
9 (RLIN) 24377
245 10 - TITLE STATEMENT
Title American federalism :
Remainder of title a view from the States /
Statement of responsibility, etc. Daniel J. Elazar.
260 ## - PUBLICATION, DISTRIBUTION, ETC. (IMPRINT)
Place of publication, distribution, etc. New York :
Name of publisher, distributor, etc. Crowell,
Date of publication, distribution, etc. c1966.
300 ## - PHYSICAL DESCRIPTION
Pagination xii, 228 p. :
Illustrations illus., maps. ;
Size 21 cm.
504 ## - BIBLIOGRAPHY, ETC. NOTE
Bibliography, etc Bibliography: p. 217-220.
650 #0 - SUBJECT ADDED ENTRY--TOPICAL TERM
Topical term or geographic name as entry element Federal government
Geographic subdivision United States.
9 (RLIN) 17930
Topical term or geographic name as entry element State governments
Geographic subdivision United States.
9 (RLIN) 16911
651 #0 - SUBJECT ADDED ENTRY--GEOGRAPHIC NAME
Geographic name United States
General subdivision Politics and government.
9 (RLIN) 24378
942 ## - ADDED ENTRY ELEMENTS (KOHA)
Source of classification or shelving scheme Dewey Decimal Classification
Koha item type Books
Holdings
Lost status Source of classification or shelving scheme Damaged status Not for loan Collection code Permanent Location Current Location Shelving location Date acquired Source of acquisition Total Checkouts Full call number Date last seen Copy number Koha item type
  Dewey Decimal Classification   Not For Loan Non-fiction Central Library, University of Rajshahi Central Library, University of Rajshahi   02/04/1977 Internationals   321.020973 ELA 1966 15/01/2014 C-1 Books